Loading...
ഉറുമാമ്പഴവും കഥകളും /
| Hovedforfatter: | |
|---|---|
| Format: | Printed Book |
| Sprog: | Malayalam |
| Udgivet: |
Thrissur:
Green Books,
2013.
|
| Fag: |
| LEADER | 00592nam a22001697a 4500 | ||
|---|---|---|---|
| 008 | 160618b xxu||||| |||| 00| 0 mal d | ||
| 999 | |c 234934 |d 234934 | ||
| 020 | |a 9788184232868 | ||
| 082 | |a 855.4P2 URU | ||
| 100 | |a Prakash,T.N. | ||
| 245 | |a ഉറുമാമ്പഴവും കഥകളും / |c Prakash,T.N. | ||
| 260 | |a Thrissur: |b Green Books, |c 2013. | ||
| 300 | |b 96p. | ||
| 650 | |a Stories | ||
| 942 | |c BK | ||
| 246 | |a Urumambazhavum kadhakalum/ | ||
| 952 | |0 0 |1 0 |4 0 |6 855_000000000000000_4P2_URU |7 0 |9 260791 |a MAL |b MAL |c ST1 |d 2016-06-18 |g 85.00 |l 0 |o 855.4P2 URU |p MAL38348 |r 2016-06-18 |w 2016-06-18 |y BK | ||